000 00892nam0a2200277 4500
001 RU\NLR\bibl\1228386
005 20250615113517.0
010 _a978-5-9539-1661-5
_915000
021 _aRU
_b2008-22512
_91235
035 _a(NLR Aleph) 001214675
090 _a100190
_c100190
100 _a20080519d2008 |||y0rusy50 ca
101 1 _arus
_ceng
102 _aRU
105 _aa |||||||||
200 1 _aЧерепашки Ниндзя
_eкнижка со светящимися наклейками
_f[пер. Е. Токаревой]
210 _aМосква
_cЭгмонт Россия Лтд.
_d2008
215 _a[16] c., [2] л. цв. наклеек
_cцв. ил.
_d28
686 _aШ9(2)60=Р7-8
702 1 _aТокарева
_bЕ.
_4730
801 0 _aRU
_bNLR
_c20070803
_gRCR
801 1 _aRU
_bNLR
_c20070803
942 _cBOOK
980 _aNB